000 00357nam a2200133Ia 4500
008 151001s9999||||xx |||||||||||||| ||und||
100 _aम स पारखे
245 _aश्री परशुरामाचे अवतार काय
250 _a1
260 _bज.आ.मोंडकर
260 _c1962
300 _a30
365 _b8.5
999 _c953722
_d953719